| 000 | 00317nam a2200133 i 4500 | ||
|---|---|---|---|
| 001 | bg | ||
| 100 | 1 | _aJanuszewski, Bogusław. | |
| 245 | 0 |
_aGeometria wykreślna. _nCz. 1 / _cB. Januszewski. |
|
| 260 |
_aRzeszów, _c1990. |
||
| 040 | _cBPK | ||
| 041 | _apol | ||
| 942 | _cKS | ||
| 008 | s pl f |000 0 pol | ||
| 999 |
_c4522 _d4522 |
||
| 856 |
_uhttp://koha.tu.koszalin.pl/cgi-bin/koha/opac-detail.pl?biblionumber=4522 _yKatalog online BPK |
||